000 00403nam a22001577a 4500
082 _aP-413(B)
100 _aCapt Asif
_948168
245 _aWaste water treatment plant design for north colony
_cCapt Asif, Capt Hassan
260 _aRisalpur
_bMCE
_c2009
300 _a63 p:
526 _a0
_b0
_c0
_dP_413A
526 _a0
_b0
_c0
650 _aProject
700 _aLec Arshad
_948169
942 _2ddc
_cBK
999 _c551184
_d551184